000 00644nam a2200205 a 4500
001 1587
005 20140414131951.0
008 020828s19uu xx 00 eng d
020 _a1-74078-058-2
050 _aTR 428.4
_bC793D 2000
100 _aCooper-Tent, Jennifer
245 _aA day at the zoo, 59 /
_cStory by Jennifer Cooper-Tent.
260 _aPhilippines :
_bSoundscope Literature,
_c[n.d.]
300 _a1 v. p. ; cm.
440 _aFantastic Phonics Series 3
500 _a1st series (1-20 books) ; 2nd Series (21-40) ; 3rd Series (41-60)
650 _aReading
_xJuvenile literature.
650 _aPhonetics.
999 _c112786
_d112786